00508nam a2200145 a 450000100100000000500170001000800410002704000250006808200150009310000690010824500930017725000200027026000420029030000300033200004907720240305073658.0190717s1992 dr g r 000 0 spa d aDO-SdBNPbspacBNPHU axxxxbT5971 a Mejía-Ricart G., Tirso,d1936-2021q(Mejía-Ricart Guzmán)10aBreve historia dominicana 1492-1992 :buna síntesis crítica /cTirso Mejía Ricart. a5a ed. revisada aSanto Domingo :bAlfa y Omega,c1992. a55 p. :bmús. ;c21 cm.